Statistiques concernant Révisions HGGSP pour le BAC. Questions aléatoires

Cliquez ici pour prendre le quiz!

Statistiques générales

  • Ce quiz a été pris 940 fois
    (378 depuis la dernière actualisation)
  • Le résultat moyen est 10 sur 20

Statistiques - réponses

QuestionRéponses% Correct
Quelle puissance dispose du plus grand nombre de satellites en orbite ?Les Etats-Unis
94%
Quelle entreprise privée, très active dans le domaine spatiale est détenue par Elon Musk ?Space X
94%
Quelle puissance revendique-t-elle les îles Spratley ?La Chine
90%
Les accords de Paris ont été signés lors de la COP__21
89%
De quel pays vient un Taïkonaute ?Chine
88%
Président français s'opposant à la guerre en Irak en 2003Jacques Chirac
88%
Premier parc naturel au monde, crée en 1872Parc national de {Yellowstone}
83%
Pays ayant occupé la Palestine mandataire de 1923 à 1948Royaume-Uni
83%
Pays que le FLN veut libérer de la colonisationAlgérie
82%
Président américain au moment de la signature des accords de Paris sur le climatBarack Obama
81%
Président américain ayant un temps retiré son pays des accords de ParisDonald Trump
81%
premier procès où des accusations de crimes contre l'humanité ont été portéesProcès de {Nuremberg}
81%
Accords mettant fin à la guerre d'Algérie en 1962Accords d'{Evian}
80%
Nom donné aux tribunaux locaux mis en place au Rwanda, pour juger les auteurs du génocideGacaca
79%
Quel est le nom de l'agence spatiale des Etats-Unis ?La Nasa
79%
Pays où a été crée DaechIrak
78%
Ville accueillant le siège de l'ONUNew-York
78%
Ethnie massacrée par les Hutus en 1994Tutsis
78%
Définition : Mise en doute des théories les plus répandues concernant le réchauffement climatique.Climatoscepticisme
77%
Définition : Militaire autochtone d'Algérie qui servait comme supplétif aux côtés des FrançaisHarki
73%
Ancien colonisateur du RwandaBelgique
71%
Organisation armée palestinienne, littéralement le Mouvement de résistance islamiqueHamas
70%
Président français ayant le premier demandé pardon aux Harkis pour leur traitement après l'indépendance de l'AlgérieJacques Chirac
70%
Signification de l'acronyme FLNFront de libération national
68%
Dirigeant de l'Irak lors des guerres du GolfeSaddam Hussein
68%
Pays ayant été dirigé par David Ben GourionIsraël
67%
Ancien responsable de la Gestapo à Lyon, après une fuite en Bolivie il est jugé à Lyon en 1987Klaus Barbie
67%
Défnition : Processus de diffusion de l’agriculture et de la sédentarité entre 10 000 et 3000 avant J-C, ce qui a entraîné une lente croissance démographique dans ces territoiresRévolution {néolithique}
67%
Département d'outre-mer recouvert à 98% par la forêtGuyane
65%
Nationalité de Radovan KaradzicSerbe
65%
Dans quel pays Adolf Eichmann est-il exécuté ?Israël
64%
Pays où débute la révolution industrielleRoyaume-Uni
64%
Quel est le nom du premier homme à avoir été dans l'espace ?Youri Gagarine
64%
Année de création du TPIY1993
63%
Dans quel département se situe la base de lancement de Kourou, servant à faire décoller entre autres les fusées européennes ?Guyane
63%
Président américain ayant réintégré son pays dans les accords de ParisJoe Biden
63%
Secrétaire général des nations unies entre 1997 et 2006Kofi Annan
62%
Période de refroidissement en Europe entre 1300 et 1850Petit âge {glaciaire}
62%
Accord signé en 1995, ayant pour objectif de réduire les émissions de gaz à effet de serreProtocole de {Kyoto}
62%
Nom des révoltes en Palestine de 1987 à 1993 et de 2000 à 2005Intifada
61%
Grande forêt française du sud-ouest, essentiellement composée de pinsLandes
60%
Nationalité de ClausewitzPrussienne
60%
Année du procès d'Adolf Eichmann1961
59%
Quelle conférence a-t-elle posé les bases du droit de la mer en 1982Conférence de Montego Bay
59%
Président ayant reconnu la responsabilité de la France dans la rafle du Vel d'HivJacques Chirac
59%
Nom de la guerre entre Israël et des pays arabes en 1967Guerre des six-jours
58%
En 1972, lors des J.O. dans cette ville, la délégation israélienne est attaquéeMunich
58%
Traités mettant fin à la guerre de trente ansTraités de {Westphalie}
58%
Date des attentats perpétués par Al-Qaïda au début du présent millénaire11 Septembre 2001
57%
Président français ayant crée l'ONF en 1964Charles de Gaulle
57%
Nom de la guerre entre Israël et des pays arabes en 1973Guerre du Kippour
57%
Définition : Français d'origine européenne installé en Afrique du Nord jusqu'à l'époque de l'indépendancePieds-noirs
57%
Année du plan de partage de l'ONU pour la Palestine1947
56%
Quel président Américain a signé le Space Act autorisant les entreprises américaines à exploiter les ressources dans l'espace ?Barack Obama
56%
Nom du traité de ClausewitzDe la guerre
56%
Lieu où a siégé le TPIYLa Haye
56%
Co-fondateur d'Al-Qaïda et dirigeant historique du groupeOussama Ben Laden
55%
Organisation vétuste que remplace l'ONUSociété des nations
55%
Président américain ayant décidé la seconde guerre du golfeGeorge W. Bush
54%
Des accords entre l'OLP et Israël sont signés dans cette ville scandinaveOslo
53%
Le terme Tsahal désigne l'armée____Israélienne
52%
Période de réchauffement en Europe entre 950 et 1300Petit {optimum} médiéval
52%
Pays ayant été dirigé par Gamal Abdel NasserEgypte
50%
Quels pays Saddam Hussein envahit-il lors de la première guerre du golfeKoweït
50%
Nom se cachant derrière l'acronyme OLPOrganisation de libération de la Palestine
50%
De quel pays le Kosovo a-t 'il fait sécession ?Serbie
50%
Pays ayant été gouverné par TitoYougoslavie
47%
Propriétaire des forêts domanialesL'Etat
46%
Organisation militaire ayant réalisé des frappes en ex-YougslavieOTAN
45%
Définition : idéologie politique visant à instaurer un foyer national juif en PalestineSionisme
45%
Qu'est-ce que l'ESA (en français) ?Agence spatiale européenne
44%
Que veut dire ONGOrganisation non gouvernementale
44%
Ville de Bosnie, théâtre d'un massacre de musulmans en 1995Srebrenica
44%
En quelle année l'ISS a-t-elle été mise en service ?1998
43%
Instance en charge des poursuites contre les auteurs de crimes contre l'humanité génocideCours pénale internationale
43%
En 2019 la Chine réussit à envoyer une fusée sur la partie cachée de ce satellite naturel de la terreLa Lune
43%
Pays où a été implanté le tribunal international pour le RwandaTanzanie
43%
Pays de naissance d'Oussama Ben LadenArabie Saoudite
42%
Signification du sigle ONFOffice national des forêts
42%
Régime afghan ayant abrité Al-QaïdaTalibans
42%
Robert Poujade est le premier ministre de l'____ en FranceEnvironnement
40%
Année de la crise de Suez1956
39%
Année de la création de la Nasa1958
39%
Quel dirigeant Chinois ouvre la Chine sur le monde dans les années 1980 ?Deng Xiaoping
38%
Comment s'appelle le premier être vivant à avoir été dans l'espace ? C'était en 1957Laïka
38%
Année de la fin de la guerre de trente ans1648
36%
Définition : mouvement politique visant à unifier les pays et peuples arabePanarabisme
36%
Pays ayant été gouverné par Juvenal HabyarimanaRwanda
36%
Date de début de la guerre de sept ans1756
35%
Définition : manière dont les sociétés se souviennent et englobent les pratiques de commémoration. Elle se construit en fonction des enjeux du présentMémoire {collective}
35%
On parle de paix _____ lorsque l’apaisement résulte de l’hégémonie exercée par une puissanceNégative
35%
Qu'est-ce que l'OMI ?Organisation maritime internationale
35%
Dirigeant historique de l'OLPYasser Arafat
35%
Ethnie majoritaire au KosovoAlbanais
31%
Quelles puissances se partagent-elles le nouveau monde par le traité de Tordesillas en 1494 ?Espagne et Portugal
31%
Juriste polonais ayant défini le terme de génocideRaphaël Lemkin
30%
Signification de l'acronyme OASOrganisation de l'armée secrète
29%
Quel président américain lance l'idée du programme IDS ?Ronald Reagan
29%
Quel est le nom de l'ambitieux projet commercial Chinois reliant l'Asie, l'Europe et l'Afrique, le nom fait référence au passéLes nouvelles routes de la soie
28%
Quelle ville accueille le siège de l'OMI ?Londres
27%
Territoire perdu par l'Egypte lors de la guerre des six-joursSinaï
26%
Qu'est-ce qu'un SNLE ?Sous-marin nucléaire lanceur d'engins
26%
Pays devenu indépendant de l'Indonésie en 2002, l'ONU y a mené une mission pour la transition pacifique du pouvoir.Timor-Oriental
25%
Date de la proclamation de l'Etat d'Israël14 mai 1948
22%
Ville ayant accueilli une conférence regroupant les chefs alliés du 17 juillet au 2 août 1945. La dénazification y a été théorisée et mise en placePotsdam
21%
Quel est le nom de l'agence spatiale russe ?Roscosmos
21%
Opération de l'armée française menée pendant le génocide au RwandaOpération T{urquoise}
19%
Lieu de signature de la charte fondatrice des nations unies en 1945San Francisco
19%
Guerre marquée par l'opération "Tempête du désert"Première guerre du Golfe
15%
En un mot, synonyme de service militaire obligatoireC{onscription}
10%
Deux principales branches de l'islamChiisme et Sunnisme
5%
Calife de l'Etat islamique entre 2014 et 2019Abou Bakr al-Baghdadi
4%
Agence indépendante du gouvernement des Etats-Unis désignée par le sigle EPA (en anglais)Environmental Protection Agency
0%

Distribution des résultats

Percentile par nombre de réponses

% des personnes avec chaque résultat

Votre développement - résultats

Vous n’avez pas pris ce quiz depuis la dernière actualisation